Public finance and fiscal policy/ (Record no. 11089)

MARC details
000 -LEADER
fixed length control field 00527nam a22001937a 4500
005 - DATE AND TIME OF LATEST TRANSACTION
control field 20260515114855.0
008 - FIXED-LENGTH DATA ELEMENTS--GENERAL INFORMATION
fixed length control field 201203b ||||| |||| 00| 0 eng d
020 ## - INTERNATIONAL STANDARD BOOK NUMBER
International Standard Book Number 9788127246938
040 ## - CATALOGING SOURCE
Original cataloging agency IN-DiNC
Transcribing agency IN-DiNC
041 ## - LANGUAGE CODE
Language code of sung or spoken text eng
082 ## - DEWEY DECIMAL CLASSIFICATION NUMBER
Classification number 336
Item number CHO
100 ## - MAIN ENTRY--PERSONAL NAME
Personal name Choudhury, Rabindra Kr.
Relator term author
245 ## - TITLE STATEMENT
Title Public finance and fiscal policy/
Statement of responsibility, etc. by Rabindra Kr. Choudhury
250 ## - EDITION STATEMENT
Edition statement Rev. & enl. ed.
260 ## - PUBLICATION, DISTRIBUTION, ETC.
Place of publication, distribution, etc. Ludhiana:
Name of publisher, distributor, etc. Kalyani publishers,
Date of publication, distribution, etc. 2012
300 ## - PHYSICAL DESCRIPTION
Extent 484p.
650 ## - SUBJECT ADDED ENTRY--TOPICAL TERM
Topical term or geographic name entry element Economics
942 ## - ADDED ENTRY ELEMENTS (KOHA)
Source of classification or shelving scheme Dewey Decimal Classification
Koha item type Books
Holdings
Withdrawn status Lost status Source of classification or shelving scheme Damaged status Not for loan Collection Home library Current library Shelving location Date acquired Cost, normal purchase price Total checkouts Full call number Barcode Date last seen Date last checked out Copy number Price effective from Koha item type
    Dewey Decimal Classification       Naharkatiya College Library Naharkatiya College Library General stacks 12/03/2020 225.00 3 336 CHO 21071 08/05/2024 07/18/2024 1 12/03/2020 Books
    Dewey Decimal Classification       Naharkatiya College Library Naharkatiya College Library General stacks 12/03/2020 225.00 3 336 CHO 21072 10/26/2024 10/22/2024 2 12/03/2020 Books